| 000 | 00811nam a2200289 a 4500 | ||
|---|---|---|---|
| 003 | AR-BaBNM | ||
| 005 | 20251128203652.0 | ||
| 008 | 082120s2002 ||||||||||||||000 | spa|| | ||
| 040 | _cAR-BaBNM | ||
| 100 | 1 | _aBarbaglia, Edith Alina | |
| 245 | 0 | 0 | _aEscuela y campamento |
| 260 |
_aBuenos Aires _bEudeba _c1965 |
||
| 300 |
_a45 p. _bil., diagr. |
||
| 490 | 0 |
_aLa escuela en el tiempo. Cuadernos de la primaria _vv. 20 |
|
| 650 | 4 | _aPUBERTAD | |
| 650 | 4 | _aADOLESCENCIA | |
| 650 | 4 | _aACTIVIDADES EN GRUPO | |
| 650 | 4 | _aACTIVIDADES AL AIRE LIBRE | |
| 650 | 4 | _aACTIVIDADES FISICAS | |
| 650 | 4 | _aACTIVIDADES CULTURALES | |
| 650 | 4 | _aJUEGOS EDUCATIVOS | |
| 653 | _aCAMPAMENTOS EDUCATIVOS | ||
| 653 | _aACTIVIDADES EXTRAESCOLARES | ||
| 700 | 1 | _aBarbaglia, Elma Elena | |
| 942 | _cBK | ||
| 998 | _cSILVI | ||
| 999 |
_c4407 _d4407 |
||